000 01018nam a2200241Ia 4500
003 OSt
005 20220923213815.0
006 a|||||r|||| 00| 0
007 ta
008 220922b |||||||| |||| 00| 0 hin d
024 _a164,692
037 _cTextual
040 _aARTS
_cARTS
_bhin
041 _2hin
_ahin
082 _aO152,1M96:g, L0
100 _aअग्रवाल, गिरिराज शरण, संपा.
245 0 _aयुगकवि निराला* हिन्दी साहित्य निकेतन, सम्मल द्वारा प्रस्तुत निराला-स्मृति-ग्रन्थ
246 _aYugakavi nirālā: hindī sāhitya niketana, sammal dvārā prastut nirālā-smṛuti-grantha
260 _c1970
650 _aहिन्दी साहित्य
_9156264
942 _hO152,1M96:g, L0
_cTEXL
_2CC
999 _c319171
_d319171